The Vampire Diaries - Statistics

General Stats
  • This quiz has been taken 660 times
  • The average score is 12 of 15
Answer Stats
Characters Answer % Correct
Nina Dobrev Elena Gilbert
100%
Ian Somerhalder Damon Salvatore
99%
Paul Wesley Stefan Salvatore
99%
Kat Graham Bonnie Bennett
97%
Candice Accola Caroline Forbes
97%
Zach Roerig Matthew Donovan
96%
Michael Trevino Tyler Lockwood
91%
Steven R.McQueen Jeremy Gilbert
90%
Joseph Morgan Klaus Mikaelson
89%
Matthew Davis Alaric Saltzman
87%
Daniel Gilles Elijah Mikaelson
86%
Michael Malarkey Enzo
72%
Sara Canning Jenna Sommers
71%
Todd Lasance Julian
18%
Chris Wood Malachi Parker
8%
No matching quizzes found
Score Distribution
Percent of People with Each Score
Percentile by Number Answered
Your Score History
You have not taken this quiz